Spravodaj

Bibliographic Details
Format: Journal
Language:Slovak
PhysicalDescription:12 zv. 31 cm
Published: Topoľčianky ZO KSS Plemenársky podnik 1978-1990
Subjects:

MARC

LEADER 00000cas a2200000 a 4500
001 vtls008423051
003 SK-MaSNL
005 20260228160923.0
008 060110d19781990xo qr|p 0 b0slo
040 |a SNK  |b slo  |c SNK  |e AACR2 
041 0 |a slo 
043 |a e-xo--- 
044 |a xo  |c SK 
072 7 |a 636  |x Chov zvierat. Živočíšna výroba  |2 konspekt 
080 |a 050  |2 2001 
080 |a 636.08  |2 2001 
080 |a 599.723.2  |2 2001 
080 |a 636.1  |2 2001 
245 0 0 |a Spravodaj 
260 |a Topoľčianky  |b ZO KSS Plemenársky podnik  |c 1978-1990 
300 |a 12 zv.  |c 31 cm 
310 |a 4x ročne 
362 0 |a Č. 1 (1978)-roč. XI, č. 3-4 (1990) 
500 |a Podnázov v tir.: informačný spravodaj Plemenárskeho podniku Topolčianky 
650 0 7 |a chovateľstvo  |2 SNKPH  |9 19447 
650 0 7 |a kone  |2 SNKPH  |9 2809 
651 7 |a Topoľčianky (Slovensko)  |2 SNKPH  |9 31565 
655 7 |a podnikové periodiká  |2 SNKPH  |9 132333 
910 |a snk 
916 |a 1978-1989/90 
958 |a OND 
999 |c 3915  |d 5845 
952 |0 0  |1 0  |4 0  |7 0  |a SNK  |b SNK  |d 2006-01-10  |f 1  |i snkČSP 1491/78  |l 0  |o snkČSB 2828/1978  |p 17A0492707  |r 2026-02-21 20:16:33  |t č. 1-5  |w 2026-02-21  |y PREZ 
952 |0 0  |1 0  |4 0  |7 0  |a SNK  |b SNK  |d 2015-06-16  |f 1  |i snkČSP 1102/80  |l 0  |o snkČSB 2828/1979  |p 17A0854991  |r 2026-02-21 21:46:33  |t č. 1-4  |w 2026-02-21  |y PREZ 
952 |0 0  |1 0  |4 0  |7 0  |a SNK  |b SNK  |d 2015-06-16  |f 1  |i snkČSP 1423/81  |l 0  |o snkČSB 2828/3/1980  |p 17A0855007  |r 2026-02-21 21:46:33  |t č. 1-4  |w 2026-02-21  |y PREZ 
952 |0 0  |1 0  |4 0  |7 0  |a SNK  |b SNK  |d 2015-06-16  |f 1  |i snkČSP 603/82  |l 0  |o snkČSB 2828/3[4]/1981  |p 17A0949795  |r 2026-02-21 21:46:33  |t č. 1-4  |w 2026-02-21  |y PREZ 
952 |0 0  |1 0  |4 0  |7 0  |a SNK  |b SNK  |d 2015-06-16  |f 1  |i snkČSP 747/83  |l 0  |o snkČSB 2828/4[5]/1982  |p 17A0949846  |r 2026-02-21 21:46:33  |t č. 1-4  |w 2026-02-21  |y PREZ 
952 |0 0  |1 0  |4 0  |7 0  |a SNK  |b SNK  |d 2015-06-16  |f 1  |i snkČSP 1209/84  |l 0  |o snkČSB 2828/1983-1984  |p 17A0949797  |r 2026-02-21 21:46:33  |t č. 1-4  |w 2026-02-21  |y PREZ 
952 |0 0  |1 0  |4 0  |7 0  |a SNK  |b SNK  |d 2015-06-16  |f 1  |i snkČSP 1068/85  |l 0  |o snkČSB 2828/1984-1985  |p 17A0949843  |r 2026-02-21 21:46:33  |t č. 1-4  |w 2026-02-21  |y PREZ 
952 |0 0  |1 0  |4 0  |7 0  |a SNK  |b SNK  |d 2015-06-16  |f 1  |i snkČSP 2685/86  |l 0  |o snkČSB 2828/1985-1986  |p 17A0949779  |r 2026-02-21 21:46:33  |t č. 1-4  |w 2026-02-21  |y PREZ 
952 |0 0  |1 0  |4 0  |7 0  |a SNK  |b SNK  |d 2015-06-16  |f 1  |i snkČSP 2683/87  |l 0  |o snkČSB 2828/1986-1987  |p 17A0949778  |r 2026-02-21 21:46:33  |t č. 1-4  |w 2026-02-21  |y PREZ 
952 |0 0  |1 0  |4 0  |7 0  |a SNK  |b SNK  |d 2015-06-16  |f 1  |i snkČSP 3157/88  |l 0  |o snkČSB 2828/9/1987-1988  |p 17A0949777  |r 2026-02-21 21:46:34  |t č. 1-4  |w 2026-02-21  |y PREZ 
952 |0 0  |1 0  |4 0  |7 0  |a SNK  |b SNK  |d 2015-06-16  |f 1  |i snkČSP 4273/89  |l 0  |o snkČSB 2828/10/1988  |p 17A0949887  |r 2026-02-21 21:46:34  |t č. 1-4  |w 2026-02-21  |y PREZ 
952 |0 0  |1 0  |4 0  |7 0  |a SNK  |b SNK  |d 2015-06-16  |f 1  |i snkČSP 183/93  |l 0  |o snkČSB 2828/11/1989-1990  |p 17A0949860  |r 2026-02-21 21:46:34  |t č. 1-4  |w 2026-02-21  |y PREZ